Statistics for Random Harry Potter character names

Click here to take the quiz!

General Stats

  • This quiz has been taken 3,738 times
    (3,729 since last reset)
  • The average score is 40 of 46

Answer Stats

HintAnswer% Correct
Arthur | Charlie | Fred | +3 othersWeasley
100%
DracoMalfoy
99%
Harry | James | LilyPotter
98%
HermioneGranger
97%
SeverusSnape
97%
Aberforth | AlbusDumbledore
96%
NevilleLongbottom
96%
RemusLupin
96%
TomRiddle
96%
Dudley | Petunia | VernonDursley
95%
RubeusHagrid
95%
Bellatrix | NarsissaLestrange
95%
GilderoyLockhart
95%
AlastorMoody
95%
DeanThomas
91%
CorneliusFudge
90%
OliverWood
89%
LavenderBrown
88%
MinervaMcGonagall
88%
BathildaBagshot
84%
KatieBell
84%
ArgusFilch
83%
MundungusFletcher
82%
GregoryGoyle
82%
SeamusFinnigan
81%
VincentCrabbe
80%
SnakeNagini
78%
SusanBones
77%
HannahAbbott
73%
NicolasFlamel
68%
MarcusFlint
61%
DedalusDiggle
60%
MillicentBulstrode
59%
PiersPolkiss
34%
VindictusVeridian
7%

Score Distribution

Percentile by Number Answered

Percent of People with Each Score

Your Score History

You have not taken this quiz since the last reset